000
00336nam a2200133Ia 4500
008
151001s9999||||xx |||||||||||||| ||und||
100
_a
ना ह आपटे
245
_a
आपण आहोत माणस
250
_a
1
260
_b
आपटे आणि मंडळीÇ
260
_c
1961
300
_a
141
365
_b
7
999
_c
952984
_d
952981